Statistics for Biggest European Cities by Letter - A

Click here to take the quiz!

General Stats

  • This quiz has been taken 111 times
    (97 since last reset)
  • The average score is 9 of 23

Answer Stats

PopulationCountryCity% Correct
1,098,265NetherlandsAmsterdam
100%
3,089,698GreeceAthens
99%
507,911BelgiumAntwerp
99%
316,612DenmarkAarhus
80%
332,827SpainAlicante
69%
236,420GermanyAachen
61%
207,785DenmarkAalborg
56%
196,872United KingdomAberdeen
56%
272,669GermanyAugsburg
41%
129,678FranceAmiens
38%
105,227italyAncona
35%
192,697SpainAlmeria
30%
108,281NetherlandsAlkmaar
24%
147,893FranceAngers
24%
142,438FranceAix en Provence
11%
154,795RomaniaArad
10%
156,092NetherlandsAmersfoort
8%
152,789PortugalAmadora
7%
98,352ItalyArezzo
7%
71,977United KingdomAylesbury
4%
114,227SpainAlgeciras
1%
96,500PortugalAlmada
1%
69,901ItalyAltamura
0%

Score Distribution

Percentile by Number Answered

Percent of People with Each Score

Your Score History

You have not taken this quiz since the last reset